| 000 | 01181nam a2200133Ia 4500 | ||
|---|---|---|---|
| 008 | 220615s9999||||xx |||||||||||||| ||und|| | ||
| 020 | _a9783040000000 | ||
| 245 | 0 | _aApplication of Multi-Sensor Fusion Technology in Target Detection and Recognition | |
| 546 | _aEnglish[eng] | ||
| 650 | _atarget detection||multi-platform imaging||spectral matching||terrestrial-hyperspectral imagery||automated image analysis||spectral library||multi-sensor fusion||object detection||deep learning||convolutional neural networks||autonomous vehicles||marine environment||co-operative||autonomous||multi-robot||USV||AUV||semantic SLAM||YOLOv3||object based map||EKF||specular reflection detection||specular reflection inpainting||transparent object||multispectral polarimetric imagery||light field||maritime vessel dataset||ship detection||convolutional neural network||autonomous marine navigation||machine learning||inversion||ocean colour||phytoplankton||pigment vertical profile||deep chlorophyll maximum||Tara Oceans||MAREDAT||pigments||ITCOMP-SOM||Self Organizing Maps | ||
| 700 | _aHeikkonen, Jukka||Farahnakian, Fahimeh | ||
| 856 | _uhttps://mdpi.com/books/pdfview/book/5043 | ||
| 942 | _cEB | ||
| 999 |
_c18539 _d18539 |
||